Quelle attraction est au Parc Astérix Mort Subite - Statistiques

Statistiques générales
  • Ce quiz a été pris 225 fois
  • Le résultat moyen est 4 sur 10
Answers on the Grid
Answers color-coded by a green-red scale on the quiz's grid according to % correct below.
Oziris
Goudurix
La petite tempête
Pegasus
National 8
L'hydre de l'erne
Toutatis
La revanche des indiens
Les chars de Rome
Chez Géromefolix
Les petits Drakar
Transdemonium
SOS Marteau
L'escadrille des As
L'oxygene
Le defi de César
Brochette Croco
Mission Cléopatre
Menhir postale
Cétautomatix
 
Statistiques - réponses
Réponse % Correct
Oziris
75%
Goudurix
73%
Toutatis
65%
Le defi de César
46%
Cétautomatix
45%
L'hydre de l'erne
42%
Les petits Drakar
37%
Transdemonium
28%
L'escadrille des As
17%
La petite tempête
16%
Aucun quiz correspondant
Distribution des résultats
% des personnes avec chaque résultat
Percentile par nombre de réponses
Votre historique - résultats
Vous n’avez pas pris ce quiz